[Event "GRENKE Chess Open 2024"]
[Site "Karlsruhe"]
[Date "2024.03.31"]
[Round "7.31"]
[White "Gschiel, Alexander"]
[Black "Saraci, Nderim"]
[Result "0-1"]
[WhiteElo "2336"]
[BlackElo "2450"]
[Annotator "TA"]
[PlyCount "68"]
[EventDate "2024.03.28"]
[EventType "swiss"]
[EventCountry "GER"]
[SourceTitle "playchess.com"]
[Source "ChessBase"]
[SourceQuality "1"]

1. d4 Nf6 2. c4 e6 3. Nf3 c5 4. d5 exd5 5. cxd5 d6 6. Nc3 g6 7. Nd2 a6 8. a4 Bg7 9. e4 O-O 10. Be2 Nbd7 11. O-O Re8 12. Qc2 Ne5 13. h3 g5 14. Nc4 Nxc4 15. Bxc4 g4 16. h4 Nd7 17. Bg5 Bf6 18. Bxf6 Qxf6 19. g3 Ne5 20. Be2 Qg6 21. Bd3 Bd7 22. a5 c4 23. Be2 f5 24. Kg2 Rf8 25. Qd2 f4 26. gxf4 Qh6 27. Kg3 Ng6 28. Rh1 Rxf4 29. Qe3 Raf8 30. Raf1 Rf3+ 31. Bxf3 Rxf3+ 32. Qxf3 gxf3 33. Kxf3 Qd2 34. Nd1 Qf4+ 0-1

[Event "GRENKE Chess Open 2024"]
[Site "Karlsruhe"]
[Date "2024.03.31"]
[Round "7.31"]
[White "Mainka, Alwin"]
[Black "Skawinski, Arkadiusz"]
[Result "1-0"]
[WhiteElo "2216"]
[BlackElo "2347"]
[Annotator "RC"]
[PlyCount "24"]
[EventDate "2024.03.28"]
[EventType "swiss"]
[EventCountry "GER"]
[SourceTitle "playchess.com"]
[Source "ChessBase"]
[SourceQuality "1"]

1. e4 c5 2. c3 e5 3. Nf3 Nc6 4. Bc4 Nf6 5. Ng5 d5 6. exd5 Nxd5 7. d4 Be6 8. Nxe6 fxe6 9. dxe5 Nxe5 10. Qh5+ Ng6 11. O-O Qd7 12. Bg5 Bd6 1-0

[Event "GRENKE Chess Open 2024"]
[Site "Karlsruhe"]
[Date "2024.03.31"]
[Round "7.32"]
[White "Seo, Jung Min"]
[Black "Kulon, Klaudia"]
[Result "1/2-1/2"]
[WhiteElo "2450"]
[BlackElo "2335"]
[Annotator "TA"]
[PlyCount "100"]
[EventDate "2024.03.28"]
[EventType "swiss"]
[EventCountry "GER"]
[SourceTitle "playchess.com"]
[Source "ChessBase"]
[SourceQuality "1"]

1. e4 e5 2. Nf3 Nc6 3. Bb5 a6 4. Ba4 d6 5. c3 Bd7 6. O-O g6 7. d4 Bg7 8. Re1 Nge7 9. Be3 O-O 10. Nbd2 h6 11. dxe5 dxe5 12. Nf1 b6 13. Ng3 Be6 14. Qe2 Na5 15. Nd2 Qc8 16. Bc2 c5 17. f3 Qc7 18. Qf2 Nec6 19. Ngf1 Qe7 20. Qe2 Rfc8 21. Bf2 f6 22. Ne3 Nd4 23. cxd4 cxd4 24. Ndf1 dxe3 25. Nxe3 Nc4 26. Nd5 Bxd5 27. exd5 f5 28. Bb3 b5 29. Rac1 Nd6 30. Rc6 Kh7 31. Rec1 e4 32. Qd2 h5 33. Bc5 Rd8 34. Be3 Rd7 35. Bg5 Qe5 36. Qc3 Qe8 37. Qd2 Qe5 38. R1c2 a5 39. a4 bxa4 40. Bxa4 Nf7 41. Bf4 e3 42. Qxe3 Qxd5 43. Kf1 g5 44. Rd2 Bd4 45. Qe6 gxf4 46. Qxd5 Rxd5 47. Bb3 Rdd8 48. Bxf7 Be3 49. Rxd8 Rxd8 50. Rc2 h4 1/2-1/2

[Event "GRENKE Chess Open 2024"]
[Site "Karlsruhe"]
[Date "2024.03.31"]
[Round "7.32"]
[White "Stelmaszyk, Nico"]
[Black "Brandt, Sebastian"]
[Result "0-1"]
[WhiteElo "2347"]
[BlackElo "2197"]
[Annotator "RC"]
[PlyCount "54"]
[EventDate "2024.03.28"]
[EventType "swiss"]
[EventCountry "GER"]
[SourceTitle "playchess.com"]
[Source "ChessBase"]
[SourceQuality "1"]

1. e4 c5 2. Nf3 d6 3. Bb5+ Nd7 4. d4 cxd4 5. Qxd4 a6 6. Bxd7+ Bxd7 7. c4 Nf6 8. Bg5 e6 9. O-O Be7 10. Nc3 O-O 11. e5 dxe5 12. Nxe5 Be8 13. Qe3 Rc8 14. Rfe1 Qa5 15. Qh3 Rc5 16. f4 Qb6 17. Qe3 Qxb2 18. Rab1 Qa3 19. Kh1 Rc7 20. Qf3 Nd7 21. Nxd7 Rxd7 22. Bxe7 Qxe7 23. f5 Qf6 24. fxe6 fxe6 25. Qxf6 Rxf6 26. Ne4 Rf5 27. c5 Bg6 0-1

[Event "GRENKE Chess Open 2024"]
[Site "Karlsruhe"]
[Date "2024.03.31"]
[Round "7.33"]
[White "Nevednichy, Vladislav"]
[Black "Pigeat, Alexandre"]
[Result "1-0"]
[WhiteElo "2445"]
[BlackElo "2333"]
[Annotator "TA"]
[PlyCount "71"]
[EventDate "2024.03.28"]
[EventType "swiss"]
[EventCountry "GER"]
[SourceTitle "playchess.com"]
[Source "ChessBase"]
[SourceQuality "1"]

1. e4 e6 2. d4 d5 3. Nc3 Bb4 4. e5 Ne7 5. Bd2 b6 6. h4 Nf5 7. Nf3 h5 8. Bd3 a5 9. Ne2 Bxd2+ 10. Qxd2 Nc6 11. Bxf5 exf5 12. Nf4 Be6 13. Ng5 Qd7 14. O-O-O Nd8 15. Rh3 b5 16. Rg3 g6 17. Nd3 Nb7 18. Qe2 O-O-O 19. Nf4 Rhg8 20. Ngxe6 fxe6 21. Rxg6 Rxg6 22. Nxg6 Rg8 23. Nf4 Rg4 24. g3 Qe8 25. a4 c6 26. Rd3 b4 27. Rd1 Kc7 28. b3 Kb6 29. Kb2 c5 30. dxc5+ Nxc5 31. Qe3 Kc6 32. c4 Ne4 33. Nxe6 dxc4 34. Nd8+ Kc7 35. Qa7+ Kc8 36. Qb7# 1-0

[Event "GRENKE Chess Open 2024"]
[Site "Karlsruhe"]
[Date "2024.03.31"]
[Round "7.33"]
[White "Sliwicka, Alicja"]
[Black "Doll, Alexander"]
[Result "1-0"]
[WhiteElo "2309"]
[BlackElo "2159"]
[Annotator "RC"]
[PlyCount "61"]
[EventDate "2024.03.28"]
[EventType "swiss"]
[EventCountry "GER"]
[SourceTitle "playchess.com"]
[Source "ChessBase"]
[SourceQuality "1"]

1. e4 e5 2. Nf3 Nc6 3. Bb5 a6 4. Ba4 Nf6 5. Nc3 b5 6. Bb3 Bc5 7. d3 h6 8. Nd5 d6 9. c3 O-O 10. Nxf6+ Qxf6 11. Bd5 Bd7 12. Rg1 Kh7 13. g4 Qe7 14. g5 f5 15. g6+ Kh8 16. Bxh6 fxe4 17. Bg5 Qe8 18. Bxe4 Rf4 19. Bxf4 exf4 20. Qe2 Rb8 21. Rg5 Ne7 22. Ne5 dxe5 23. Rxe5 Kg8 24. Qh5 Kf8 25. Qh8+ Ng8 26. Rxe8+ Rxe8 27. Kf1 Re5 28. Re1 Be7 29. d4 Rg5 30. Bc2 Bc6 31. Rxe7 1-0

[Event "GRENKE Chess Open 2024"]
[Site "Karlsruhe"]
[Date "2024.03.31"]
[Round "7.34"]
[White "Coenen, Michael"]
[Black "Fromm, Marius"]
[Result "0-1"]
[WhiteElo "2320"]
[BlackElo "2445"]
[Annotator "TA"]
[PlyCount "154"]
[EventDate "2024.03.28"]
[EventType "swiss"]
[EventCountry "GER"]
[SourceTitle "playchess.com"]
[Source "ChessBase"]
[SourceQuality "1"]

1. d4 Nf6 2. c4 e6 3. Nc3 Bb4 4. Qc2 d5 5. cxd5 exd5 6. Bg5 h6 7. Bxf6 Qxf6 8. e3 c6 9. a3 Bf5 10. Qb3 Bxc3+ 11. Qxc3 O-O 12. Ne2 Nd7 13. Ng3 Bg6 14. Be2 Rfe8 15. O-O Qd6 16. Rfc1 Rac8 17. b4 Nf6 18. b5 Qb8 19. Qb2 cxb5 20. Bxb5 Re7 21. Rxc8+ Qxc8 22. Rc1 Rc7 23. Ne2 a6 24. Ba4 Bd3 25. Rxc7 Qxc7 26. Qc3 Bc4 27. Bc2 b5 28. Ng3 a5 29. e4 Qf4 30. Qe3 Qxe3 31. fxe3 dxe4 32. Bxe4 b4 33. axb4 a4 34. Bb1 a3 35. b5 a2 36. Bxa2 Bxa2 37. e4 Bc4 38. b6 Nd7 39. Kf2 Nxb6 40. Ke3 Ba6 41. d5 Nd7 42. Kd4 f6 43. Nf5 h5 44. h4 g6 45. Ne7+ Kf7 46. Nc6 Bb5 47. Nd8+ Ke7 48. Ne6 Kd6 49. Nd8 Bf1 50. g3 Ba6 51. Ne6 Ne5 52. Nf4 Bc8 53. Ne2 Bg4 54. Nc3 Bd7 55. Ne2 f5 56. Nc3 Ng4 57. exf5 gxf5 58. Ne2 Nf6 59. Nf4 Be8 60. Nd3 Nxd5 61. Ne5 Nf6 62. Nc4+ Ke6 63. Ke3 Nd5+ 64. Kd4 Ne7 65. Nd2 Bc6 66. Ke3 Bd5 67. Nb1 Ke5 68. Nc3 Bc6 69. Ne2 Nd5+ 70. Kf2 Ke4 71. Ng1 Nf6 72. Ne2 Ng4+ 73. Kg1 Ke3 74. Nf4 Be8 75. Kg2 Bf7 76. Kh3 Kf3 77. Nd3 Nf2+ 0-1

[Event "GRENKE Chess Open 2024"]
[Site "Karlsruhe"]
[Date "2024.03.31"]
[Round "7.34"]
[White "Hoethe, Christian"]
[Black "Skembris, Spyridon"]
[Result "0-1"]
[WhiteElo "2160"]
[BlackElo "2304"]
[Annotator "RC"]
[PlyCount "125"]
[EventDate "2024.03.28"]
[EventType "swiss"]
[EventCountry "GER"]
[SourceTitle "playchess.com"]
[Source "ChessBase"]
[SourceQuality "1"]

1. d4 Nf6 2. c4 e6 3. Nc3 d5 4. Bg5 Be7 5. e3 h6 6. Bh4 O-O 7. Nf3 Ne4 8. Bxe7 Qxe7 9. Rc1 c6 10. Qc2 Nxc3 11. Qxc3 Nd7 12. Bd3 Re8 13. O-O e5 14. Nxe5 Nxe5 15. dxe5 dxc4 16. Bxc4 Qxe5 17. Qxe5 Rxe5 18. Rfd1 Bf5 19. h3 Kf8 20. Kf1 Ke7 21. Ke2 a5 22. Bd3 Rd8 23. Bxf5 Rxf5 24. Rxd8 Kxd8 25. Rc4 Kd7 26. e4 Rb5 27. b3 Kd6 28. Rd4+ Ke6 29. Ke3 Rg5 30. g3 Rc5 31. b4 Rc3+ 32. Kf4 Rc2 33. bxa5 Rxf2+ 34. Ke3 Rxa2 35. Rb4 Ra3+ 36. Kf4 g5+ 37. Kg4 Kf6 38. h4 gxh4 39. gxh4 Rxa5 40. Rxb7 Ra4 41. Kf4 Ke6 42. Rc7 Rc4 43. Ke3 f5 44. Kd3 Rc1 45. Rh7 fxe4+ 46. Kd2 Rh1 47. Rxh6+ Kd5 48. Rh8 Rh2+ 49. Ke3 Rh3+ 50. Ke2 Kd4 51. Rd8+ Kc4 52. Rh8 c5 53. h5 Kd4 54. Rd8+ Kc3 55. Rh8 c4 56. h6 Kc2 57. Kf2 c3 58. Ke2 Kc1 59. h7 c2 60. Ke1 Re3+ 61. Kf2 Rf3+ 62. Ke2 Rf7 63. Ke1 0-1

[Event "GRENKE Chess Open 2024"]
[Site "Karlsruhe"]
[Date "2024.03.31"]
[Round "7.35"]
[White "Wachinger, Nikolas"]
[Black "Kitze, Alexander"]
[Result "1-0"]
[WhiteElo "2442"]
[BlackElo "2299"]
[Annotator "TA"]
[PlyCount "78"]
[EventDate "2024.03.28"]
[EventType "swiss"]
[EventCountry "GER"]
[SourceTitle "playchess.com"]
[Source "ChessBase"]
[SourceQuality "1"]

1. e4 c5 2. Nf3 d6 3. Bb5+ Bd7 4. Bxd7+ Qxd7 5. c4 Nc6 6. d4 cxd4 7. Nxd4 Nf6 8. Nc3 g6 9. f3 Nxd4 10. Qxd4 Bg7 11. Be3 O-O 12. Qd3 Rfc8 13. O-O a6 14. a4 Qd8 15. a5 Nd7 16. b3 Nc5 17. Qc2 b6 18. axb6 Qxb6 19. Nd5 Qb7 20. Rab1 e6 21. Nc3 Qb4 22. Bd2 Qb6 23. Be3 Qb4 24. Na2 Qb7 25. Rfd1 Rc6 26. Nc1 a5 27. Nd3 Nxd3 28. Rxd3 Rb8 29. Rbd1 Qb4 30. Qd2 Qa3 31. Qc2 h5 32. Bf4 Qc5+ 33. Kh1 Be5 34. Be3 Qa3 35. Bc1 Qc5 36. Be3 Qa3 37. Bc1 Qc5 38. Qa2 Ra6 39. f4 Qc6 1-0

[Event "GRENKE Chess Open 2024"]
[Site "Karlsruhe"]
[Date "2024.03.31"]
[Round "7.36"]
[White "Kilic, Eray"]
[Black "Senthil Maran K"]
[Result "1/2-1/2"]
[WhiteElo "2439"]
[BlackElo "2301"]
[Annotator "RC"]
[PlyCount "70"]
[EventDate "2024.03.28"]
[EventType "swiss"]
[EventCountry "GER"]
[SourceTitle "playchess.com"]
[Source "ChessBase"]
[SourceQuality "1"]

1. e4 c6 2. Nc3 d5 3. Nf3 dxe4 4. Nxe4 Nf6 5. Nxf6+ exf6 6. d4 Bd6 7. Bd3 O-O 8. O-O Re8 9. h3 Nd7 10. Re1 Rxe1+ 11. Qxe1 Nf8 12. Be3 Be6 13. c4 Qd7 14. Qf1 g5 15. Nd2 Bf5 16. Ne4 Bxe4 17. Bxe4 f5 18. Bc2 f4 19. Bd2 Be5 20. Rd1 Qxd4 21. Bc3 Qc5 22. b4 Qe7 23. Re1 f6 24. Bxe5 fxe5 25. Qe2 Re8 26. Qh5 Kg7 27. c5 Ng6 28. Qg4 Rd8 29. Rd1 Rd4 30. a3 Qd8 31. Re1 Qe7 32. Be4 Rd2 33. Rd1 Qd8 34. Rxd2 Qxd2 35. Bxg6 hxg6 1/2-1/2

[Event "GRENKE Chess Open 2024"]
[Site "Karlsruhe"]
[Date "2024.03.31"]
[Round "7.37"]
[White "Holtel, Jasper"]
[Black "Nagel, Bernhard"]
[Result "1-0"]
[WhiteElo "2330"]
[BlackElo "2160"]
[Annotator "RC"]
[PlyCount "73"]
[EventDate "2024.03.28"]
[EventType "swiss"]
[EventCountry "GER"]
[SourceTitle "playchess.com"]
[Source "ChessBase"]
[SourceQuality "1"]

1. Nf3 d5 2. g3 e6 3. Bg2 Nf6 4. O-O Be7 5. c4 O-O 6. b3 b6 7. Bb2 Bb7 8. e3 c5 9. Qe2 Qc8 10. d3 Rd8 11. Nbd2 a6 12. Rac1 dxc4 13. Nxc4 Nbd7 14. b4 Qb8 15. bxc5 Bxc5 16. Bxf6 gxf6 17. d4 Be7 18. e4 Ra7 19. d5 Bc5 20. Rfd1 Nf8 21. Qb2 f5 22. dxe6 Rxd1+ 23. Rxd1 Bxe4 24. Nfe5 Nxe6 25. Bxe4 fxe4 26. Nc6 Qa8 27. Nxa7 Qxa7 28. Ne5 e3 29. fxe3 Bxe3+ 30. Kg2 Qa8+ 31. Nf3 Qc6 32. Qe2 Bc5 33. Qxa6 h5 34. Qc4 Qa8 35. Rd2 Qa3 36. Qd5 Be3 37. Qd3 1-0

[Event "GRENKE Chess Open 2024"]
[Site "Karlsruhe"]
[Date "2024.03.31"]
[Round "7.37"]
[White "Tifferet, Shakked"]
[Black "Ben Ari, Yannay"]
[Result "1/2-1/2"]
[WhiteElo "2310"]
[BlackElo "2434"]
[Annotator "TA"]
[PlyCount "88"]
[EventDate "2024.03.28"]
[EventType "swiss"]
[EventCountry "GER"]
[SourceTitle "playchess.com"]
[Source "ChessBase"]
[SourceQuality "1"]

1. d4 Nf6 2. c4 e6 3. Nf3 c5 4. d5 exd5 5. cxd5 d6 6. Nc3 g6 7. Bf4 Bg7 8. h3 O-O 9. e3 Na6 10. Bxa6 bxa6 11. Nd2 a5 12. O-O Rb8 13. Qc2 Nh5 14. Bh2 f5 15. Rad1 f4 16. Nf3 g5 17. exf4 Nxf4 18. Bxf4 Rxf4 19. Nh2 a4 20. a3 Qf8 21. Rd2 Bd7 22. Qd1 Qf7 23. f3 Rd4 24. Qc1 Qf4 25. Re2 Be5 26. Qxf4 gxf4 27. Ng4 Bxg4 28. hxg4 Kg7 29. Rc1 Kg6 30. Rce1 Rd3 31. Nxa4 Rxd5 32. Nc3 Rd3 33. Ne4 Rxb2 34. Kh2 Rxe2 35. Rxe2 c4 36. g3 Rxf3 37. Nxd6 Bxd6 38. Re6+ Kg5 39. Rxd6 Kxg4 40. gxf4 Rxa3 41. f5 c3 42. f6 Ra2+ 43. Kg1 c2 44. Rc6 Ra1+ 1/2-1/2

[Event "GRENKE Chess Open 2024"]
[Site "Karlsruhe"]
[Date "2024.03.31"]
[Round "7.37"]
[White "Loos, Roland"]
[Black "Hansch, Stephan"]
[Result "0-1"]
[WhiteElo "2297"]
[BlackElo "2148"]
[Annotator "RC"]
[PlyCount "72"]
[EventDate "2024.03.28"]
[EventType "swiss"]
[EventCountry "GER"]
[SourceTitle "playchess.com"]
[Source "ChessBase"]
[SourceQuality "1"]

1. d4 Nf6 2. c4 e6 3. Nc3 d5 4. cxd5 exd5 5. Bg5 c6 6. e3 Be7 7. Bd3 Nbd7 8. Qc2 h6 9. Bh4 Nh5 10. Bxe7 Qxe7 11. O-O-O Nb6 12. Nf3 Bg4 13. Rdg1 Bxf3 14. gxf3 g6 15. h4 O-O-O 16. Ne2 Kb8 17. Kb1 Rc8 18. Rc1 Rhg8 19. Qc5 Qf6 20. f4 Ng7 21. Ng3 Ne8 22. h5 Rh8 23. hxg6 fxg6 24. Qc2 g5 25. fxg5 hxg5 26. Rxh8 Qxh8 27. Rh1 Qf8 28. Rh5 c5 29. dxc5 Rxc5 30. Qd2 Nd6 31. Rxg5 Nbc4 32. Bxc4 Nxc4 33. Qb4 Qxf2 34. Rg8+ Rc8 35. Rxc8+ Kxc8 36. Ne2 Qf5+ 0-1

[Event "GRENKE Chess Open 2024"]
[Site "Karlsruhe"]
[Date "2024.03.31"]
[Round "7.38"]
[White "Knuedel, Torben"]
[Black "Vanczak, Tamas"]
[Result "1/2-1/2"]
[WhiteElo "2299"]
[BlackElo "2431"]
[Annotator "TA"]
[PlyCount "61"]
[EventDate "2024.03.28"]
[EventType "swiss"]
[EventCountry "GER"]
[SourceTitle "playchess.com"]
[Source "ChessBase"]
[SourceQuality "1"]

1. e4 c5 2. Nc3 d6 3. f4 Nc6 4. Nf3 Bg4 5. Bb5 a6 6. Bxc6+ bxc6 7. h3 Bc8 8. O-O e6 9. d3 g6 10. Be3 Nf6 11. e5 Nd5 12. Qe1 Nxe3 13. Qxe3 d5 14. Na4 Qa5 15. b3 Be7 16. c4 Bd7 17. Rac1 Rc8 18. Rc2 O-O 19. g4 Kh8 20. g5 h5 21. gxh6 Kh7 22. Ng5+ Kxh6 23. Qg3 Kg7 24. Rg2 Rg8 25. f5 exf5 26. e6 fxe6 27. Nxe6+ Kf7 28. Nf4 Qc7 29. cxd5 cxd5 30. Nc3 Qe5 31. Ncxd5 1/2-1/2

[Event "GRENKE Chess Open 2024"]
[Site "Karlsruhe"]
[Date "2024.03.31"]
[Round "7.38"]
[White "Adamovics, Aleksejs"]
[Black "Kostov, Deyan Samuil"]
[Result "0-1"]
[WhiteElo "2158"]
[BlackElo "2328"]
[Annotator "ChessBase"]
[PlyCount "82"]
[EventDate "2024.03.28"]
[EventType "swiss"]
[EventCountry "GER"]
[SourceTitle "playchess.com"]
[Source "ChessBase"]
[SourceQuality "1"]

1. c4 e5 2. Nc3 Nc6 3. Nf3 g6 4. e4 Bg7 5. g3 d6 6. Bg2 h5 7. h3 Nge7 8. d3 O-O 9. O-O Bd7 10. Nd5 Nxd5 11. cxd5 Ne7 12. d4 exd4 13. Nxd4 c5 14. dxc6 bxc6 15. Be3 Rb8 16. Nb3 Be6 17. Bd4 Bxb3 18. axb3 Bxd4 19. Qxd4 c5 20. Qa4 Nc8 21. Rfd1 Rb4 22. Qa6 Qf6 23. Qa3 h4 24. gxh4 Qxh4 25. Rd3 Qf6 26. Rc1 Rxe4 27. Rf3 Qe5 28. Qa5 Re2 29. Qc3 Re8 30. Qc4 Re7 31. Qg4 Nb6 32. Rd1 d5 33. h4 Re4 34. Qh3 Qh5 35. Qg3 Qxh4 36. Qxh4 Rxh4 37. Rc3 Re2 38. Bxd5 Rd4 39. Rxd4 cxd4 40. Rc5 Re1+ 41. Kg2 d3 0-1

[Event "GRENKE Chess Open 2024"]
[Site "Karlsruhe"]
[Date "2024.03.31"]
[Round "7.39"]
[White "Vandenbussche, Thibaut"]
[Black "Fichter, Fabian"]
[Result "1-0"]
[WhiteElo "2427"]
[BlackElo "2274"]
[Annotator "TA"]
[PlyCount "61"]
[EventDate "2024.03.28"]
[EventType "swiss"]
[EventCountry "GER"]
[SourceTitle "playchess.com"]
[Source "ChessBase"]
[SourceQuality "1"]

1. e4 c6 2. d4 d5 3. e5 c5 4. c3 Nc6 5. Bb5 cxd4 6. cxd4 Bf5 7. Nc3 e6 8. Bxc6+ bxc6 9. Nge2 f6 10. O-O Qd7 11. Ng3 Bg6 12. exf6 gxf6 13. Re1 Bd6 14. Qf3 Kf7 15. Bf4 Ne7 16. Na4 Nf5 17. Nxf5 Bxf5 18. Bxd6 Qxd6 19. Nc5 Rhg8 20. Re3 Rg4 21. Rb3 Rxd4 22. Qh5+ Bg6 23. Rb7+ Ke8 24. Qh6 Qxc5 25. Qg7 Re4 26. Qd7+ Kf8 27. b4 Rxb4 28. Qg7+ Ke8 29. Qg8+ Qf8 30. Qxe6+ Kd8 31. Qd7# 1-0

[Event "GRENKE Chess Open 2024"]
[Site "Karlsruhe"]
[Date "2024.03.31"]
[Round "7.39"]
[White "Lavrencic, Matic"]
[Black "Golis, Wiktor"]
[Result "1-0"]
[WhiteElo "2322"]
[BlackElo "2142"]
[Annotator "RC"]
[PlyCount "78"]
[EventDate "2024.03.28"]
[EventType "swiss"]
[EventCountry "GER"]
[SourceTitle "playchess.com"]
[Source "ChessBase"]
[SourceQuality "1"]

1. e4 c6 2. Nc3 d5 3. Nf3 Bg4 4. Be2 Nf6 5. e5 Nfd7 6. d4 e6 7. O-O Be7 8. Ne1 Bxe2 9. Nxe2 c5 10. c3 Nc6 11. Be3 Qb6 12. Rb1 O-O 13. Nd3 cxd4 14. cxd4 Rac8 15. Ndf4 Na5 16. b3 f6 17. exf6 Nxf6 18. Bd2 Ne4 19. Be1 Rf6 20. f3 Nd6 21. Bh4 Rf7 22. Bf2 Nf5 23. Rc1 Re8 24. Nd3 Bd6 25. Nc5 Nc6 26. Qd2 Qc7 27. g3 e5 28. dxe5 Nxe5 29. Qxd5 Nxf3+ 30. Qxf3 Nxg3 31. Qxf7+ Kxf7 32. Nxg3 Kg8 33. Nce4 Qe7 34. Nxd6 Qxd6 35. Rfe1 Rd8 36. Re2 h5 37. Rc4 Qg6 38. Kg2 Rf8 39. Rce4 Qf6 1-0

[Event "GRENKE Chess Open 2024"]
[Site "Karlsruhe"]
[Date "2024.03.31"]
[Round "7.40"]
[White "Hampel, Felix"]
[Black "Sedy, Pavel"]
[Result "1-0"]
[WhiteElo "2294"]
[BlackElo "2145"]
[Annotator "RC"]
[PlyCount "109"]
[EventDate "2024.03.28"]
[EventType "swiss"]
[EventCountry "GER"]
[SourceTitle "playchess.com"]
[Source "ChessBase"]
[SourceQuality "1"]

1. c4 e5 2. Nc3 Nc6 3. Nf3 Nf6 4. e3 Bb4 5. Qc2 O-O 6. Nd5 a5 7. a3 Bc5 8. Nxe5 Nxe5 9. d4 Bxd4 10. exd4 Nc6 11. Be3 d6 12. Bd3 h6 13. Nxf6+ Qxf6 14. O-O-O Ne7 15. d5 Bf5 16. h4 c6 17. dxc6 bxc6 18. f3 Bxd3 19. Rxd3 Nf5 20. Bf2 d5 21. c5 d4 22. Qd2 Qe5 23. Bxd4 Nxd4 24. Rxd4 Qxc5+ 25. Kb1 Rab8 26. Rd3 Rb7 27. Rc1 Qb5 28. Rd4 Rfb8 29. Rc2 Qf5 30. Qd3 Qf6 31. Rd2 g6 32. Rd8+ Kh7 33. Rxb8 Rxb8 34. h5 Rb5 35. hxg6+ Qxg6 36. Qxg6+ Kxg6 37. Rd6+ Kg5 38. Rxc6 h5 39. Rc4 f5 40. b4 axb4 41. axb4 Rb8 42. Kc2 f4 43. Kb3 Rf8 44. b5 Kh4 45. Rc7 Rf5 46. Kb4 Rg5 47. Rc2 Kg3 48. b6 Rg8 49. Kb5 h4 50. b7 Rb8 51. Kb6 h3 52. gxh3 Kxf3 53. Rc8 Rxb7+ 54. Kxb7 Kg3 55. Rf8 1-0

[Event "GRENKE Chess Open 2024"]
[Site "Karlsruhe"]
[Date "2024.03.31"]
[Round "7.40"]
[White "Wong, Gengchun"]
[Black "Petkidis, Anthony"]
[Result "0-1"]
[WhiteElo "2283"]
[BlackElo "2423"]
[Annotator "TA"]
[PlyCount "78"]
[EventDate "2024.03.28"]
[EventType "swiss"]
[EventCountry "GER"]
[SourceTitle "playchess.com"]
[Source "ChessBase"]
[SourceQuality "1"]

1. e4 c6 2. d4 d5 3. e5 Bf5 4. Nd2 e6 5. Nb3 Nd7 6. Nf3 h6 7. Be2 Ne7 8. O-O Nc8 9. a4 Be7 10. Be3 O-O 11. Ne1 Ncb6 12. Nd2 c5 13. a5 cxd4 14. Bxd4 Nc8 15. Bd3 Bxd3 16. Nxd3 a6 17. Qg4 Na7 18. Bxa7 Rxa7 19. Rfe1 Qc7 20. c3 b6 21. Re3 Rb8 22. Rg3 Bf8 23. axb6 Rxb6 24. Qf4 g6 25. h4 Bg7 26. Nf3 h5 27. Qe3 Rbb7 28. Re1 Nb6 29. Re2 Nc4 30. Qf4 a5 31. Ng5 a4 32. Rf3 Nxb2 33. Rxb2 Rxb2 34. Nxb2 a3 35. Qc1 a2 36. Qa1 Bxe5 37. Rxf7 Qxf7 38. Nxf7 Bxc3 39. Kh2 Kxf7 0-1

[Event "GRENKE Chess Open 2024"]
[Site "Karlsruhe"]
[Date "2024.03.31"]
[Round "7.40"]
[White "Wagner, Benjamin"]
[Black "Song, Julien"]
[Result "1/2-1/2"]
[WhiteElo "2151"]
[BlackElo "2311"]
[Annotator "ChessBase"]
[PlyCount "171"]
[EventDate "2024.03.28"]
[EventType "swiss"]
[EventCountry "GER"]
[SourceTitle "playchess.com"]
[Source "ChessBase"]
[SourceQuality "1"]

1. e4 e6 2. d4 d5 3. Nc3 Nf6 4. Bg5 dxe4 5. Nxe4 Be7 6. Bxf6 gxf6 7. Nf3 f5 8. Nc3 a6 9. g3 b5 10. Bg2 Bb7 11. O-O O-O 12. Ne5 Bxg2 13. Kxg2 Ra7 14. Qd3 Qd6 15. f4 b4 16. Ne2 c5 17. g4 f6 18. Nc4 Qd5+ 19. Kf2 fxg4 20. Ne3 Qh5 21. Nxg4 Kh8 22. Rg1 Nc6 23. Qe4 Nxd4 24. Nxd4 cxd4 25. Qxe6 d3 26. Rg3 Bc5+ 27. Kg2 Re7 28. Qc4 dxc2 29. Rc1 Bd6 30. Nxf6 Qe2+ 31. Qxe2 Rxe2+ 32. Kf3 Rxh2 33. Rcg1 Rf2+ 34. Kxf2 Bc5+ 35. Ke2 Bxg1 36. Rxg1 Rxf6 37. Kd2 Rc6 38. Kc1 h6 39. f5 Kh7 40. f6 Rxf6 41. Kxc2 Rf5 42. a3 bxa3 43. bxa3 h5 44. Kc3 h4 45. Kd4 Kh6 46. Rg8 Kh5 47. Ke4 Ra5 48. Kf4 Rxa3 49. Kf5 Rf3+ 50. Ke4 Rf6 51. Ke5 Rg6 52. Rc8 Kg4 53. Rc4+ Kg3 54. Rc3+ Kf2 55. Ra3 Rh6 56. Ra2+ Ke1 57. Kf4 h3 58. Ke3 Kd1 59. Kd3 Rd6+ 60. Ke3 Kc1 61. Rh2 Rh6 62. Kd3 a5 63. Kc3 Kd1 64. Kd3 Ke1 65. Ke3 Kf1 66. Kf3 Kg1 67. Ra2 Rf6+ 68. Kg3 h2 69. Rg2+ Kf1 70. Rxh2 Ke1 71. Ra2 Rf5 72. Kg4 Rb5 73. Kf3 Kd1 74. Ke3 Kc1 75. Kd3 Kb1 76. Rh2 a4 77. Kc4 Rb6 78. Rh1+ Ka2 79. Kc3 a3 80. Rh2+ Ka1 81. Rh8 a2 82. Kc2 Rc6+ 83. Kb3 Rc1 84. Rh2 Rb1+ 85. Ka3 Rg1 86. Rxa2+ 1/2-1/2

[Event "GRENKE Chess Open 2024"]
[Site "Karlsruhe"]
[Date "2024.03.31"]
[Round "7.41"]
[White "Toktomushev, Teimur"]
[Black "Eugene, Floryan"]
[Result "1/2-1/2"]
[WhiteElo "2268"]
[BlackElo "2422"]
[Annotator "TA"]
[PlyCount "77"]
[EventDate "2024.03.28"]
[EventType "swiss"]
[EventCountry "GER"]
[SourceTitle "playchess.com"]
[Source "ChessBase"]
[SourceQuality "1"]

1. d4 f5 2. g3 Nf6 3. Bg2 e6 4. Nf3 d5 5. O-O Be7 6. c4 Ne4 7. Qc2 c6 8. Nc3 Nd7 9. Rb1 a5 10. a3 Bf6 11. Rd1 Qe7 12. cxd5 exd5 13. b4 axb4 14. axb4 Qe6 15. b5 c5 16. Ng5 Bxg5 17. Nxe4 fxe4 18. Bxg5 b6 19. f3 Bb7 20. fxe4 dxe4 21. dxc5 Nxc5 22. Be3 O-O 23. Bxc5 Rfc8 24. Qd2 Rxc5 25. Qd7 Qxd7 26. Rxd7 Rb8 27. Rbd1 h5 28. Re7 Rxb5 29. Rdd7 Rb1+ 30. Bf1 Bd5 31. Rxg7+ Kh8 32. Rh7+ Kg8 33. Rhg7+ Kh8 34. Rh7+ Kg8 35. Rdg7+ Kf8 36. Rg5 Bf7 37. Rf5 Rb7 38. Rg5 Rb8 39. Rh8+ 1/2-1/2

[Event "GRENKE Chess Open 2024"]
[Site "Karlsruhe"]
[Date "2024.03.31"]
[Round "7.41"]
[White "Bashylina, Luisa"]
[Black "Bettalli, Francesco"]
[Result "0-1"]
[WhiteElo "2149"]
[BlackElo "2309"]
[Annotator "ChessBase"]
[PlyCount "76"]
[EventDate "2024.03.28"]
[EventType "swiss"]
[EventCountry "GER"]
[SourceTitle "playchess.com"]
[Source "ChessBase"]
[SourceQuality "1"]

1. d4 Nf6 2. c4 g6 3. Nc3 d5 4. cxd5 Nxd5 5. e4 Nxc3 6. bxc3 Bg7 7. Nf3 c5 8. h3 O-O 9. Be2 Nc6 10. Be3 Qa5 11. Bd2 e6 12. O-O Rd8 13. a4 Qc7 14. Bg5 Rd7 15. Rc1 b6 16. Qc2 Bb7 17. Rfd1 h6 18. Be3 Na5 19. dxc5 Rxd1+ 20. Rxd1 bxc5 21. Qd2 Bxe4 22. Bxh6 Bc6 23. Bxg7 Kxg7 24. Bb5 Bd5 25. Qe2 c4 26. Ng5 a6 27. Be8 Qf4 28. h4 Ra7 29. Qe3 Qxe3 30. fxe3 f5 31. g4 Kf6 32. gxf5 gxf5 33. Rb1 Nb3 34. Re1 Nc5 35. Rb1 Ra8 36. Bf7 Nxa4 37. Rb4 Nxc3 38. Rb6 Na4 0-1